Analýza vplyvu krízy súvisiacej s COVID-19 na finančné zdravie subjektov v Slovenskej republike zborník abstraktov z vedeckého webinára = Proceedings of Abstracts from the Scientific Webinar
Uložené v:
| Korporácia: | , |
|---|---|
| Ďalší autori: | , |
| Médium: | Kniha |
| Jazyk: | Slovak English |
| Vydavateľské údaje: |
Bratislava
Letra Edu
2021
|
| Vydanie: | 1. vydanie |
| Predmet: | |
| Tagy: |
Žiadne tagy, Buďte prvý, kto otaguje tento záznam!
|
MARC
| LEADER | 00000nam a2200000 4500 | ||
|---|---|---|---|
| 001 | 0280243 | ||
| 005 | 20240502074340.3 | ||
| 020 | |a 978-80-89962-86-0 | ||
| 041 | 0 | |a slo | |
| 041 | 0 | |a eng | |
| 044 | |a SK | ||
| 245 | 1 | 0 | |a Analýza vplyvu krízy súvisiacej s COVID-19 na finančné zdravie subjektov v Slovenskej republike |b zborník abstraktov z vedeckého webinára = Proceedings of Abstracts from the Scientific Webinar |c zostavovatelia/Editors: Miriama Blahušiaková, Lucia Ondrušová |
| 250 | |a 1. vydanie | ||
| 264 | 1 | |a Bratislava |b Letra Edu |c 2021 | |
| 300 | |a 19 s. [1 AH] | ||
| 610 | 2 | 0 | |a pandémia |
| 610 | 2 | 0 | |a koronavírus |
| 610 | 2 | 0 | |a koronakríza |
| 610 | 2 | 0 | |a zdravie podniku finančné |
| 610 | 2 | 0 | |a ruch cestovný |
| 610 | 2 | 0 | |a organizácie neziskové |
| 610 | 2 | 0 | |a kríza podniku |
| 700 | 1 | |a Blahušiaková, Miriama, 1980- | |
| 700 | 1 | |a Ondrušová, Lucia, 1981- | |
| 110 | 2 | |a Analýza vplyvu krízy súvisiacej s COVID-19 na finančné zdravie subjektov v Slovenskej republike. vedecký webinár | |
| 710 | 2 | |a Fakulta hospodárskej informatiky EU. Katedra účtovníctva a audítorstva | |